Namensgeber für Flughäfen - Statistiken

Allgemein
  • Dieses Quiz wurde 102 mal gespielt
  • Das Durchschnittsergebnis liegt bei 6 aus 15
Antwortstatistiken
Stadt Namensgeber % Korrekt
Paris Charles de Gaulle
88%
München Franz-Josef Strauß
80%
New York John F. Kennedy
80%
Hamburg Helmut Schmidt
69%
Berlin Willy Brandt
66%
Köln/Bonn Konrad Adenauer
60%
Tel Aviv David Ben-Gurion
42%
Rom Leonardo da Vinci
34%
Venedig Marco Polo
32%
Houston George H. W. Bush
14%
Toronto Lester B. Pearson
11%
Stuttgart Manfred Rommel
8%
Madrid Adolfo Suarez
6%
Athen Eleftherios Venizelos
2%
Lissabon Humberto Delgado
2%
Keine übereinstimmenden Quizze gefunden
Verteilung der Resultate
Anzahl Personen mit jedem Resultat
Perzentil nach korrekt beantworteten Fragen
Ihre Resultats-Entwicklung
Sie haben dieses Quiz noch nicht gespielt